| 000 | 00565nam a22002057a 4500 | ||
|---|---|---|---|
| 005 | 20220304094329.0 | ||
| 008 | 160128b xxu||||| |||| 00| 0 spa d | ||
| 041 | _aEspañol | ||
| 082 | _a658.022 In43i | ||
| 245 | _aLa informalidad y seminformalidad empresarial en Costa Rica | ||
| 260 |
_aCosta Rica _bEUNED _c2010 |
||
| 300 | _a101 páginas | ||
| 650 |
_aCOSTA RICA _962751 |
||
| 650 |
_aADMINISTRACION _9268 |
||
| 650 |
_aPEQUEÑA Y MEDIANA EMPRESA _9943 |
||
| 650 |
_aORIGEN _92428 |
||
| 650 |
_aCRECIMIENTO _9463 |
||
| 650 |
_aCOSTOS _962752 |
||
| 942 | _cBK | ||
| 999 |
_c7563 _d7563 |
||